00515nam a22001457a 450000500170000001000150001702000260003203500140005803700130007208200080008524500800009326000530017327001030022630000400032920180118141329.0 aENG-122106 a9789352606887c795.00 aEN-105638 bDBAD/PUB a621 aGATE :btopic- wise previous year solved paper for mechanical engineering / aTamil NadubMcGraw Hill Education (India)cc2017 a444/1, Sri Ekambara Naicker Industrial Estate, Alapakkam, Porur, Chennai-600116, Tamil Nadu, India axi, various pages.c28cm(pbk)bill.